Testing statistical hypotheses of equivalence / (رقم التسجيلة. 970)

تفاصيل مارك
000 -الفاتح
حقل البيانات ثابتة الطول 00660cam a22002294a 4500
001 - رقم الضبط
رقم الضبط 50441535
003 - محدد رقم الضبط
رقم الضبط OCoLC
005 - وقت وتاريخ اخر تعامل مع التسجيلة
رقم الضبط 20150408113724.0
008 - عناصر البيانات ثابتة الطول - معلومات عامة
حقل البيانات ثابتة الطول 020809s2003 flua b 001 0 eng
010 ## - رقم ضبط مكتبة الكونجرس
رقم ضبط مكتبة الكونجرس 2002031307
020 ## - الرقم الدولى المعيارى للكتب
الرقم الدولى المعيارى للكتاب 1584881607 (alk. paper)
040 ## - مصدر الفهرسة
وكالة الفهرسة الأصلية DLC
وكالة النسخ DLC
وكالة التعديل C#P
042 ## - رمز التحقق
رمز التحقق pcc
050 00 - رقم طلب مكتبة الكونجرس
رقم التصنيف QA277
رقم المادة .W46 2003
082 00 - رقم تصنيف ديوى العشرى
رقم التصنيف 519.5/6
رقم الطبعة 21
100 1# - المدخل الرئيسى - إسم شخصى
الإسم الشخصى Wellek, Stefan.
9 (RLIN) 4426
245 10 - بيان العنوان
العنوان Testing statistical hypotheses of equivalence /
بيان المسئوليه,etc Stefan Wellek.
260 ## - PUBLICATION, DISTRIBUTION, ETC. (IMPRINT)
مكان الناشر او الموزع Boca Raton, Fla.
اسم الناشر او الموزع Chapman & Hall/CRC,
تاريخ النشر أو التوزيع c2003.
300 ## - الوصف المادى
التعداد xv, 284 p.
تفاصيل ماديه اخرى للوعاء ill. ;
أبعاد الوعاء 25 cm.
650 ## - المدخل الاضافى بالموضوع-مصطلح موضوعى
مصطلح موضوعي أو اسم جغرافي كعنصر مدخل Statistical hypothesis testing
9 (RLIN) 4427
942 ## - عناصر المدخل الإضافي( كوها)
مصدر التصنيف او مخطط الترفيف Dewey Decimal Classification
Koha [default] item type كتاب
المقتنيات
حالة الفقد نموذج السعر الفعال حالة تلف ليس للاعارة رقم الطلب تاريخ الاكتساب الموقع الحالي الباركود الفرع الرئيسي Date last seen نوع المادة فى نظام كوها مصدر التصنيف او خطة الترفيف Total Checkouts
  2013-03-10     519.56 W S Y 2011-09-14 المكتبة المركزية بالمجمعة (CL) 00049456 المكتبة المركزية بالمجمعة (CL) 2013-03-10 كتاب Dewey Decimal Classification  
  2013-03-10     519.56 W S Y 2011-09-14 المكتبة المركزية بالمجمعة (CL) 00049455 المكتبة المركزية بالمجمعة (CL) 2013-03-10 كتاب Dewey Decimal Classification  
  2013-03-10     519.56 W S Y 2011-09-14 المكتبة المركزية بالمجمعة (CL) 00049454 المكتبة المركزية بالمجمعة (CL) 2013-03-10 كتاب Dewey Decimal Classification